[Event "53rd Groningen Open 2015"]
[Site "Groningen NED"]
[Date "2015.12.27"]
[Round "6.11"]
[White "Amesz, Jaap"]
[Black "Baskin, Robert"]
[Result "1/2-1/2"]
[BlackTitle "FM"]
[WhiteElo "2166"]
[BlackElo "2351"]
[WhiteFideId "1007106"]
[BlackFideId "24662402"]
[EventDate "2015.12.21"]

1. Nf3 Nf6 2. d4 g6 3. Bf4 Bg7 4. Nbd2 d5 5. e3 O-O 6. Be2 c5 7. dxc5 Qa5 8. O-O
Qxc5 9. c4 dxc4 10. Nxc4 b5 11. Nce5 Nh5 12. Rc1 Qb6 13. Qd5 Nxf4 14. exf4 Bb7
15. Qxb5 Bxf3 16. Nxf3 Bxb2 17. Rb1 Qxb5 18. Bxb5 Bf6 1/2-1/2

[Event "53rd Groningen Open 2015"]
[Site "Groningen NED"]
[Date "2015.12.27"]
[Round "6.12"]
[White "Beerdsen, Thomas"]
[Black "Kalaiyalahan, Akshaya"]
[Result "1-0"]
[WhiteTitle "FM"]
[WhiteElo "2323"]
[BlackElo "2157"]
[WhiteFideId "1030108"]
[BlackFideId "422894"]
[EventDate "2015.12.21"]

1. e4 c5 2. Nf3 e6 3. d4 cxd4 4. Nxd4 Nc6 5. Nc3 Qc7 6. f4 a6 7. Nxc6 bxc6 8.
Bd3 d5 9. Qe2 Nf6 10. O-O Be7 11. Bd2 O-O 12. Rae1 Re8 13. Kh1 Bf8 14. Qf2 a5
15. exd5 cxd5 16. Nb5 Qd8 17. Bc3 Nd7 18. Be5 Nxe5 19. fxe5 Qd7 20. Re3 Bc5 21.
Qh4 g6 22. Rh3 h5 23. Rg3 Bf8 24. Qxh5 Bg7 25. Rxg6 Ba6 26. Qg5 fxg6 27. Qxg6 1-0

[Event "53rd Groningen Open 2015"]
[Site "Groningen NED"]
[Date "2015.12.27"]
[Round "6.13"]
[White "Ratsma, Midas"]
[Black "Liu, Yi"]
[Result "0-1"]
[BlackTitle "FM"]
[WhiteElo "2131"]
[BlackElo "2306"]
[WhiteFideId "1032283"]
[BlackFideId "3210588"]
[EventDate "2015.12.21"]

1. d4 d5 2. c4 e6 3. Nc3 c6 4. e4 dxe4 5. Nxe4 Bb4+ 6. Bd2 Qxd4 7. Bxb4 Qxe4+ 8.
Ne2 Na6 9. Bf8 Ne7 10. Bxg7 Nb4 11. Bxh8 e5 12. f3 Nc2+ 13. Qxc2 Qxc2 14. Bxe5
Qxc4 15. Bc3 Nd5 16. Bd2 Qc2 17. Bc1 Bd7 18. Nd4 Qa4 19. Nb3 Nb4 20. Nd4 c5 0-1

[Event "53rd Groningen Open 2015"]
[Site "Groningen NED"]
[Date "2015.12.27"]
[Round "6.14"]
[White "Schoppen, Casper"]
[Black "Gerlagh, Joris"]
[Result "1/2-1/2"]
[WhiteElo "2305"]
[BlackElo "2159"]
[WhiteFideId "1046730"]
[BlackFideId "1038834"]
[EventDate "2015.12.21"]

1. d4 Nf6 2. c4 g6 3. Nc3 d5 4. cxd5 Nxd5 5. e4 Nxc3 6. bxc3 Bg7 7. Nf3 c5 8.
Rb1 O-O 9. Be2 b6 10. O-O Bb7 11. Qc2 cxd4 12. cxd4 Qc8 13. Qd3 Rd8 14. Bg5 h6
15. Bh4 g5 16. Bg3 Ba6 17. Qe3 Bxe2 18. Qxe2 g4 19. Nh4 Nc6 20. d5 Nd4 21. Qd1
e6 22. Qxg4 exd5 23. Nf5 Nxf5 24. exf5 Qc4 25. Bf4 h5 26. Qh4 Bh6 27. Qg3+ Kh7
28. Bxh6 Kxh6 29. Qe3+ Kh7 30. Qe7 d4 31. Rbc1 Qd5 32. Qg5 Rd6 33. Rc7 Rh6 34.
Qe7 Kg7 35. Qg5+ Kh7 36. Qe7 Kg7 37. Qg5+ Kh7 38. Qe7 1/2-1/2

[Event "53rd Groningen Open 2015"]
[Site "Groningen NED"]
[Date "2015.12.27"]
[Round "6.15"]
[White "Van Osch, Mees"]
[Black "Boer, Alef"]
[Result "1-0"]
[WhiteElo "2289"]
[BlackElo "2125"]
[WhiteFideId "1035967"]
[BlackFideId "1007122"]
[EventDate "2015.12.21"]

1. e4 Nf6 2. e5 Nd5 3. d4 d6 4. Nf3 dxe5 5. Nxe5 c6 6. Be2 Bf5 7. O-O Nd7 8. Nf3
h6 9. c4 N5f6 10. Nc3 e6 11. d5 Bc5 12. Bd3 Bxd3 13. Qxd3 cxd5 14. cxd5 exd5 15.
Re1+ Kf8 16. Bf4 Nh5 17. Bd2 Nhf6 18. Rad1 Nb6 19. Bf4 Bd6 20. Be3 g6 21. Nb5
Kg7 22. Nxd6 Qxd6 23. Bd4 Rhe8 24. Ne5 Re6 25. Qd2 Rae8 26. Ng4 Rxe1+ 27. Rxe1
Rxe1+ 28. Qxe1 Nd7 29. Qc3 a6 30. h4 Qf4 31. Nxf6 Nxf6 32. g3 Qf5 33. Kg2 h5 34.
Qf3 Qe6 35. Qe3 Qc6 36. Qe5 Qe6 37. Kh2 a5 38. a4 Qc6 39. Bc3 Qe6 40. f3 Qb6 41.
Kg2 Qe6 42. Kf2 Qb6+ 43. Ke2 Qa6+ 44. Ke3 Qb6+ 45. Kf4 1-0

[Event "53rd Groningen Open 2015"]
[Site "Groningen NED"]
[Date "2015.12.27"]
[Round "6.16"]
[White "Saravanan, V."]
[Black "Vrolijk, Liam"]
[Result "1/2-1/2"]
[WhiteTitle "IM"]
[WhiteElo "2283"]
[BlackElo "2094"]
[WhiteFideId "5000580"]
[BlackFideId "1048333"]
[EventDate "2015.12.21"]

1. d4 Nf6 2. c4 g6 3. Nc3 Bg7 4. e4 d6 5. h3 O-O 6. Bg5 a6 7. Qd2 Nbd7 8. Nf3 c5
9. d5 b5 10. cxb5 axb5 11. Bxb5 Qa5 12. O-O Ba6 13. Bxa6 Qxa6 14. Bh6 Rfb8 15.
Bxg7 Kxg7 16. Rae1 Rb4 17. a3 Rb7 18. Re2 Rab8 19. Nd1 Nb6 20. Rfe1 Qc4 21. e5
dxe5 22. Nxe5 Qxd5 23. Qc2 Rc7 24. Rd2 Qb7 25. Ne3 Qe4 26. Qxe4 Nxe4 27. Rc2 Nd6
28. Rec1 Rbc8 29. N5c4 Nbxc4 30. Nxc4 Nxc4 31. Rxc4 Rb8 32. Rxc5 Rxc5 33. Rxc5
Rxb2 34. Rc3 Ra2 35. g4 g5 36. Kg2 Kf6 37. Kf3 Ke5 38. Re3+ Kd6 39. Kg3 e6 40.
Rf3 Ke7 41. h4 h6 42. hxg5 hxg5 43. Rb3 f5 1/2-1/2

[Event "53rd Groningen Open 2015"]
[Site "Groningen NED"]
[Date "2015.12.27"]
[Round "6.17"]
[White "Wacker, Peter"]
[Black "Kasparova, Tatiana"]
[Result "1-0"]
[WhiteTitle "FM"]
[BlackTitle "WIM"]
[WhiteElo "2335"]
[BlackElo "2158"]
[WhiteFideId "4615751"]
[BlackFideId "13501453"]
[EventDate "2015.12.21"]

1. e4 d6 2. d4 Nf6 3. Nc3 e5 4. Nf3 Nbd7 5. a4 Be7 6. Bc4 O-O 7. O-O c6 8. Ba2
b6 9. Qe2 a6 10. Rd1 Qc7 11. Nh4 exd4 12. Nf5 Nc5 13. Nxd4 Ne8 14. Nxc6 Bf6 15.
Nd4 Bb7 16. Bd5 Rb8 17. f3 Qc8 18. Be3 Nd7 19. Nf5 Qc7 20. Bxb7 Qxb7 21. Bd4 Be5
22. Qf2 g6 23. Ne3 Nef6 24. Nc4 Qc6 25. Nxe5 dxe5 26. Be3 Rfc8 27. Rd2 b5 28.
axb5 axb5 29. Rad1 b4 30. Nd5 Nxd5 31. exd5 Qd6 32. f4 f6 33. Rf1 e4 34. g4 Rb5
35. Rfd1 Rb7 36. Kh1 Kg7 37. Qg2 Re8 38. Rd4 Nc5 39. Rc4 Rb5 40. b3 Rc8 41. Qf2
Rc7 42. g5 f5 43. Bd4+ Kf8 44. Be5 1-0

[Event "53rd Groningen Open 2015"]
[Site "Groningen NED"]
[Date "2015.12.27"]
[Round "6.18"]
[White "Heemskerk, Wim"]
[Black "Warmerdam, Max"]
[Result "1/2-1/2"]
[WhiteTitle "FM"]
[BlackTitle "FM"]
[WhiteElo "2181"]
[BlackElo "2335"]
[WhiteFideId "1001000"]
[BlackFideId "1048104"]
[EventDate "2015.12.21"]

1. Nf3 d5 2. g3 Nf6 3. Bg2 c6 4. O-O h6 5. d3 Bf5 6. c4 e6 7. Qb3 Qc8 8. Nc3
Nbd7 9. cxd5 exd5 10. Re1 Nc5 11. Qd1 Be7 12. b4 Ne6 13. e4 dxe4 14. dxe4 Bh7
15. b5 O-O 16. bxc6 bxc6 17. Qa4 Rd8 18. Ne5 Rd6 19. Be3 Ng5 20. Rac1 Ng4 21.
Nxg4 Qxg4 22. e5 Qxa4 23. Nxa4 Re6 24. Bc5 Bd3 25. h4 Nh7 26. Bh3 f5 27. exf6
Rxe1+ 28. Rxe1 Bxf6 29. Be3 Nf8 30. Rc1 Be4 31. Bg2 Bd5 32. Nc3 Bxc3 33. Rxc3
Ne6 34. Ra3 a5 35. Ra4 Kf7 36. Bd2 Rd8 37. Bc3 Bxg2 38. Kxg2 c5 39. Rxa5 Rd3 40.
Be5 Rd5 41. f4 1/2-1/2

[Event "53rd Groningen Open 2015"]
[Site "Groningen NED"]
[Date "2015.12.27"]
[Round "6.20"]
[White "Dehn, Marcus"]
[Black "Maatman, Nick"]
[Result "0-1"]
[WhiteElo "2152"]
[BlackElo "2258"]
[WhiteFideId "4667093"]
[BlackFideId "1040391"]
[EventDate "2015.12.21"]

1. d4 d5 2. g3 c5 3. c3 Nf6 4. Bg2 e6 5. Nf3 Nc6 6. O-O Qb6 7. e3 Bd7 8. Nbd2
Be7 9. Ne5 O-O 10. Nxd7 Nxd7 11. b3 cxd4 12. exd4 Rac8 13. Bb2 Rfd8 14. Kh1 Bf6
15. Nf3 a5 16. Qd2 a4 17. Rab1 axb3 18. axb3 Qxb3 19. Ba1 Qa4 20. Rxb7 Rb8 21.
Rxb8 Rxb8 22. Qd3 Rb6 23. Nd2 Na5 24. Re1 Qa2 25. f4 g6 26. h4 Bg7 27. Bf1 Nf6
28. Be2 Nb3 29. Nxb3 Rxb3 30. Bf3 Qf2 31. Rg1 Ra3 32. Qf1 Qa2 33. Qb1 Qf2 34.
Qf1 Qe3 35. Qg2 h5 36. Bb2 Rb3 37. Rf1 Qd3 38. Ra1 Ng4 39. Bxg4 hxg4 40. Kh2 Bf8
41. Qf2 Kg7 42. Qg2 Bd6 43. Rf1 Bc7 44. Rf2 Ba5 45. Rd2 Qc4 46. Rc2 Bc7 47. Qf2
Bd6 48. Kg2 Qd3 49. Qe2 Qxe2+ 50. Rxe2 Ba3 51. Bxa3 Rxa3 52. Rc2 Kf6 53. Kf2 Kf5
54. Ke3 Ra1 55. Re2 Rg1 56. Kf2 Rc1 57. Re5+ Kf6 58. Re3 Rc2+ 59. Ke1 Ke7 60. f5
gxf5 61. Kf1 Kf6 62. Kg1 Kg6 63. Kf1 f4 64. Re5 fxg3 65. Rg5+ Kh6 66. Rxg4 Rxc3
67. Kg2 Rd3 68. Kh3 f5 69. Rf4 Kh5 70. Kg2 Re3 71. Kh3 Re4 72. Rxe4 fxe4 73.
Kxg3 e3 74. Kf3 Kxh4 75. Kxe3 0-1

[Event "53rd Groningen Open 2015"]
[Site "Groningen NED"]
[Date "2015.12.27"]
[Round "6.22"]
[White "Afek, Yochanan"]
[Black "Chaurette, Laurent"]
[Result "1-0"]
[WhiteTitle "IM"]
[WhiteElo "2267"]
[BlackElo "1987"]
[WhiteFideId "2800462"]
[BlackFideId "2623323"]
[EventDate "2015.12.21"]

1. b3 d5 2. Bb2 Nf6 3. e3 Bf5 4. Nf3 e6 5. Be2 Nbd7 6. O-O Be7 7. d3 O-O 8. Nh4
c6 9. Nxf5 exf5 10. c4 Nc5 11. Nc3 Ne6 12. cxd5 Nxd5 13. Nxd5 cxd5 14. Bf3 f4
15. e4 dxe4 16. dxe4 Qxd1 17. Rfxd1 Rfd8 18. e5 Rab8 19. Kf1 b6 20. Rxd8+ Rxd8
21. Rd1 Rxd1+ 22. Bxd1 g5 23. Ke2 Kg7 24. Kd3 f6 25. Kc4 Nc7 26. a4 a6 27. exf6+
Bxf6 28. Bxf6+ Kxf6 29. a5 bxa5 30. Kc5 Nb5 31. Kb6 Nc3 32. Bc2 h5 33. Kxa6 g4
34. Kxa5 h4 35. Kb4 Nd5+ 36. Kc5 Ke5 37. Bd1 h3 38. gxh3 gxh3 39. Bf3 Nc3 40. b4
Na4+ 41. Kc6 Kd4 42. b5 Kd3 43. Bg4 Kd2 44. Bxh3 Ke2 45. Bf5 Kxf2 46. h4 Kg3 47.
h5 f3 48. Bd3 Nb2 49. Bf1 Kf2 50. b6 Kxf1 51. b7 f2 52. b8=Q Nd3 53. h6 Ke2 54.
Qe8+ Kf3 55. Qh5+ Ke3 56. Qh3+ Ke2 57. h7 Ne5+ 58. Kd5 Ng6 59. Ke4 f1=Q 60.
Qxf1+ 1-0

[Event "53rd Groningen Open 2015"]
[Site "Groningen NED"]
[Date "2015.12.27"]
[Round "6.23"]
[White "Taal, Rieks"]
[Black "Theulings, Paul-Peter"]
[Result "1/2-1/2"]
[BlackTitle "CM"]
[WhiteElo "2071"]
[BlackElo "2182"]
[WhiteFideId "1043978"]
[BlackFideId "1002899"]
[EventDate "2015.12.21"]

1. d4 Nf6 2. c4 e6 3. g3 d5 4. Bg2 Be7 5. Nf3 O-O 6. O-O b6 7. Ne5 Bb7 8. b3 Na6
9. Bb2 c5 10. Nc3 Ne4 11. Rc1 Nxc3 12. Bxc3 Rc8 13. e3 Rc7 14. Qe2 cxd4 15. Bxd4
Qc8 16. Bb2 Bf6 17. e4 dxc4 18. Nxc4 Bxb2 19. Qxb2 Rd8 20. Rfd1 Rcd7 21. Qe2 Nb4
22. Rxd7 Qxd7 23. e5 Nd3 24. Rc3 Bxg2 25. Kxg2 Qd4 26. Rc2 b5 27. Nd6 Qd5+ 28.
f3 Nxe5 29. Rd2 Qc5 30. Nxb5 Rxd2 31. Qxd2 h6 32. Nc3 1/2-1/2

[Event "53rd Groningen Open 2015"]
[Site "Groningen NED"]
[Date "2015.12.27"]
[Round "6.24"]
[White "Bhattacharjee, Sourav"]
[Black "Yaaqoub, Rashid"]
[Result "1-0"]
[BlackTitle "FM"]
[WhiteElo "2067"]
[BlackElo "2175"]
[WhiteFideId "1048090"]
[BlackFideId "12200336"]
[EventDate "2015.12.21"]

1. e4 Nc6 2. Nf3 f5 3. exf5 d5 4. d4 Bxf5 5. Bb5 e6 6. Bf4 Ne7 7. O-O a6 8. Bd3
Qd7 9. Re1 O-O-O 10. c3 h6 11. b4 g5 12. Be5 Rg8 13. b5 axb5 14. Bxb5 Ng6 15.
Qa4 Kb8 16. Nbd2 g4 17. Reb1 Bxb1 18. Rxb1 Nge7 19. Ba6 Qc8 20. Bxb7 Qxb7 21.
Rxb7+ Kxb7 22. Qb5+ Kc8 23. Ne1 Kd7 24. Nd3 Ng6 25. Nb3 Rb8 26. Qa4 Bd6 27. g3
Rb6 28. c4 dxc4 29. Qxc4 Ncxe5 30. dxe5 Nxe5 31. Nbc5+ Bxc5 32. Nxe5+ Kd6 33.
Nf7+ Kc6 34. Qxe6+ Kb7 35. Qd5+ 1-0

[Event "53rd Groningen Open 2015"]
[Site "Groningen NED"]
[Date "2015.12.27"]
[Round "6.25"]
[White "Hommes, Elmar"]
[Black "Sparenberg, Erik"]
[Result "0-1"]
[WhiteElo "2078"]
[BlackElo "2110"]
[WhiteFideId "1017136"]
[BlackFideId "1013262"]
[EventDate "2015.12.21"]

1. Nf3 e6 2. c4 Nf6 3. g3 c6 4. Bg2 d5 5. d4 Be7 6. O-O O-O 7. Qc2 Nbd7 8. Bf4
Ne4 9. Nbd2 Nxd2 10. Nxd2 Nf6 11. Rfd1 Bd6 12. Bxd6 Qxd6 13. e4 dxe4 14. Nxe4
Qe7 15. Nc3 Rd8 16. Rd2 Bd7 17. Re1 Be8 18. d5 Qd6 19. Qb3 b5 20. cxb5 cxd5 21.
Rc1 Rac8 22. Rdc2 Bd7 23. Qa4 Qb6 24. Qf4 Rc4 25. Ne4 Rxe4 26. Bxe4 Nxe4 27. a4
g5 28. Qe5 f6 29. Qc7 Nd6 30. Qc3 Kf7 31. Qf3 Kg6 32. h4 Ne4 33. Kg2 Qd4 34. Rh1
Qxa4 35. hxg5 Nxg5 36. Qh5+ Kf5 37. Re2 Be8 38. Qh6 Qxb5 39. g4+ Kxg4 40. Re3
Kf5 41. Rhh3 e5 42. Rhf3+ Nxf3 43. Rxf3+ Ke6 44. Qxf6+ Kd7 45. Qxe5 Kc8 46. Qe7
Bc6 47. Rf7 d4+ 48. f3 Rg8+ 0-1

[Event "53rd Groningen Open 2015"]
[Site "Groningen NED"]
[Date "2015.12.27"]
[Round "6.26"]
[White "Pajeken, Jakob Leon"]
[Black "Kokje, Joris"]
[Result "0-1"]
[WhiteElo "2101"]
[BlackElo "1975"]
[WhiteFideId "12942839"]
[BlackFideId "1051024"]
[EventDate "2015.12.21"]

1. e4 c5 2. Nf3 d6 3. d4 cxd4 4. Nxd4 Nf6 5. Nc3 Nc6 6. Bg5 Qb6 7. Be3 a6 8. Nb3
Qc7 9. Nd5 Nxd5 10. exd5 Ne5 11. Be2 g6 12. Bd4 Bh6 13. O-O O-O 14. Bc3 b5 15.
a4 Rb8 16. axb5 axb5 17. Qd4 Bg7 18. Ra7 Rb7 19. Rxb7 Bxb7 20. Kh1 b4 21. Qxb4
Bxd5 22. Rd1 Nc6 23. Qa3 Bxc3 24. bxc3 Be6 25. Qa6 Rc8 26. Nd2 Ne5 27. c4 Nxc4
28. Nxc4 Bxc4 29. Bxc4 Qxc4 30. Qxc4 Rxc4 31. Rd2 d5 32. g3 d4 33. f4 f6 34. Kg2
Kf7 35. Re2 Rc5 36. Kf3 e5 37. fxe5 fxe5 38. Kg4 Ke6 39. Kg5 Kd5 40. Kh6 e4 41.
Kxh7 Rc6 42. h4 e3 43. c3 Rxc3 44. Kxg6 Ke4 0-1

[Event "53rd Groningen Open 2015"]
[Site "Groningen NED"]
[Date "2015.12.27"]
[Round "6.27"]
[White "Keetman, Maaike"]
[Black "Hilwerda, Jonas"]
[Result "1/2-1/2"]
[WhiteElo "2087"]
[BlackElo "2012"]
[WhiteFideId "1033697"]
[BlackFideId "1046713"]
[EventDate "2015.12.21"]

1. e4 e5 2. Nf3 Nc6 3. d4 exd4 4. Nxd4 Bb4+ 5. c3 Bc5 6. Nf5 g6 7. Be3 Bxe3 8.
Nxe3 Nf6 9. Bd3 d5 10. Nd2 d4 11. cxd4 Qxd4 12. Qb3 O-O 13. Nf3 Qb4+ 14. Qxb4
Nxb4 15. Bb1 Re8 16. a3 Nc6 17. O-O Be6 18. Bc2 Rad8 1/2-1/2

[Event "53rd Groningen Open 2015"]
[Site "Groningen NED"]
[Date "2015.12.27"]
[Round "6.28"]
[White "Drozdowski, Konrad"]
[Black "Boersma, Jan"]
[Result "1/2-1/2"]
[WhiteElo "1987"]
[BlackElo "2083"]
[WhiteFideId "1106279"]
[BlackFideId "1003267"]
[EventDate "2015.12.21"]

1. e4 c5 2. Nf3 g6 3. c4 Nc6 4. d4 cxd4 5. Nxd4 Nf6 6. Nc3 d6 7. Nc2 Bg7 8. Be2
O-O 9. Be3 Nd7 10. Qd2 Nc5 11. f3 a5 12. O-O a4 13. Na3 Qa5 14. Rfc1 Be6 15. Kh1
Rfc8 16. Rab1 Nd7 17. Qd1 Nb4 18. Bd2 Nc6 19. Nd5 Qd8 20. Nb5 Qf8 21. Ndc7 Rab8
22. Nxe6 fxe6 23. Qxa4 Ra8 24. Qd1 Rxa2 25. Nc3 Raa8 26. b4 Nd4 27. Be3 e5 28.
Ra1 Bh6 29. Nd5 Bxe3 30. Nxe3 Nf6 31. Nc2 Nxc2 32. Rxc2 Qh6 33. Rca2 Rxa2 34.
Rxa2 Qe3 35. Qd2 Qxd2 36. Rxd2 Ra8 37. Kg1 Ra1+ 38. Rd1 Ra2 39. Kf2 Rb2 40. c5
Rxb4 1/2-1/2

[Event "53rd Groningen Open 2015"]
[Site "Groningen NED"]
[Date "2015.12.27"]
[Round "6.29"]
[White "Henseler, Jorgen"]
[Black "Al-Hajiri, Bader"]
[Result "0-1"]
[BlackTitle "CM"]
[WhiteElo "2044"]
[BlackElo "2183"]
[WhiteFideId "1023233"]
[BlackFideId "10300163"]
[EventDate "2015.12.21"]

1. c4 Nf6 2. Nc3 e5 3. Nf3 e4 4. Ng5 b5 5. d3 exd3 6. exd3 bxc4 7. dxc4 Bb4 8.
Bd3 Qe7+ 9. Be3 h6 10. Nf3 Ng4 11. O-O Nxe3 12. fxe3 Bxc3 13. bxc3 Qxe3+ 14. Kh1
O-O 15. Re1 Qf4 16. Be4 Nc6 17. Rb1 Re8 18. Qd5 Rb8 19. Rxb8 Nxb8 20. Bh7+ Kf8
21. Rxe8+ Kxe8 22. Qa8 Qc1+ 23. Ng1 Qb2 24. Be4 a6 25. a4 Kd8 26. a5 Nc6 27.
Bxc6 dxc6 28. Qxc6 Bb7 0-1

[Event "53rd Groningen Open 2015"]
[Site "Groningen NED"]
[Date "2015.12.27"]
[Round "6.30"]
[White "Andersen, Alf R."]
[Black "Veltman, Anne"]
[Result "1-0"]
[WhiteElo "2163"]
[BlackElo "2032"]
[WhiteFideId "1503120"]
[BlackFideId "1026917"]
[EventDate "2015.12.21"]

1. e4 e6 2. b3 d5 3. Bb2 Nf6 4. e5 Nfd7 5. f4 c5 6. Nf3 b6 7. g3 Ba6 8. Bg2 Nc6
9. d3 Be7 10. Nbd2 f5 11. O-O g5 12. Nxg5 Bxg5 13. Qh5+ Kf8 14. fxg5 Qe8 15.
Qh6+ Ke7 16. Bxd5 exd5 17. Qxc6 Qg6 18. e6 Rhd8 19. Rae1 1-0

[Event "53rd Groningen Open 2015"]
[Site "Groningen NED"]
[Date "2015.12.27"]
[Round "6.31"]
[White "Schweitzer, Werner"]
[Black "Bollen, Guus"]
[Result "0-1"]
[WhiteElo "2067"]
[BlackElo "2135"]
[WhiteFideId "1622927"]
[BlackFideId "1027883"]
[EventDate "2015.12.21"]

1. e4 c5 2. b3 Nc6 3. Bb2 d6 4. Bb5 Bd7 5. f4 e6 6. Nf3 Nf6 7. d3 Qa5+ 8. Nc3
Be7 9. O-O O-O-O 10. Qe1 Qb6 11. a4 Nb4 12. a5 Qc7 13. Bxd7+ Qxd7 14. Qe2 Kb8
15. Ra4 Ne8 16. d4 f6 17. Rd1 d5 18. exd5 Nxd5 19. Nxd5 Qxd5 20. c4 Qf5 21. d5
Nc7 22. Rf1 h5 23. Nh4 Qg4 24. Qxg4 hxg4 25. Ng6 Rhe8 26. dxe6 Nxe6 27. Re1 Bd6
28. g3 Nd4 29. Rxe8 Rxe8 30. Bxd4 cxd4 31. Kf1 d3 32. Nh4 d2 33. Ra1 Bb4 34. Ng2
g5 35. fxg5 fxg5 36. Rb1 a6 37. Kf2 Kc7 38. Kf1 Kc6 39. Kf2 Bc5+ 40. Kf1 Rf8+ 0-1

[Event "53rd Groningen Open 2015"]
[Site "Groningen NED"]
[Date "2015.12.27"]
[Round "6.32"]
[White "Vogel, Jaap"]
[Black "Bianco, Valerio"]
[Result "1/2-1/2"]
[WhiteTitle "FM"]
[WhiteElo "2121"]
[BlackElo "2035"]
[WhiteFideId "1000764"]
[BlackFideId "800600"]
[EventDate "2015.12.21"]

1. d4 g6 2. Nf3 Bg7 3. g3 c5 4. c3 Qc7 5. Bg2 Nf6 6. O-O O-O 7. Re1 d5 8. Bf4
Qb6 9. Qc1 cxd4 10. cxd4 Nc6 11. Nc3 Bf5 12. Rd1 Rac8 13. Be3 Rfd8 14. Nh4 Be6
15. Qd2 Ng4 16. Nf3 Nxe3 17. Qxe3 Bg4 18. Qg5 Bxf3 19. Bxf3 e6 20. e3 Qxb2 21.
Na4 Qa3 22. Nc5 b6 23. Nd3 Bf8 24. Be2 Qe7 25. Qf4 Qc7 26. Qf3 Ba3 27. h4 e5 28.
dxe5 Nxe5 29. Nxe5 Qxe5 30. Ba6 Rc3 31. Rab1 Rd6 32. Rb3 Rxb3 33. axb3 Bb2 34.
Bb7 d4 35. exd4 Rxd4 36. Rxd4 Qxd4 37. Qd5 Qf6 38. Kg2 Be5 39. g4 h6 40. h5 gxh5
41. gxh5 Qf4 42. Qf3 Qxf3+ 43. Kxf3 Bf6 44. Kg3 1/2-1/2

[Event "53rd Groningen Open 2015"]
[Site "Groningen NED"]
[Date "2015.12.27"]
[Round "6.33"]
[White "Elgersma, Simon"]
[Black "Ratsma, Rosa"]
[Result "1/2-1/2"]
[WhiteElo "2017"]
[BlackElo "2059"]
[WhiteFideId "1046101"]
[BlackFideId "1033662"]
[EventDate "2015.12.21"]

1. e4 c5 2. Nf3 d6 3. d4 cxd4 4. Nxd4 Nf6 5. Nc3 a6 6. h3 e6 7. g4 Be7 8. Bg2
Nc6 9. Be3 Nxd4 10. Qxd4 O-O 11. O-O e5 12. Qd3 b5 13. Nd5 Nxd5 14. Qxd5 Be6 15.
Qd2 Rc8 16. f4 exf4 17. Bxf4 Qb6+ 18. Be3 Qc7 19. c3 Rfd8 20. Kh1 a5 21. Qf2 Rb8
22. Bd4 a4 23. Qf4 Qc4 24. a3 f6 25. Rad1 Rf8 26. Rfe1 Rbe8 27. Qf3 Bc8 28. Bf1
Qc6 29. Qd3 Ba6 30. Qf3 Bd8 31. Bg2 Bb7 32. Qf4 Rf7 33. Bg1 Bc7 34. Qd2 Qa6 35.
Bh2 Qa8 36. Qc2 Rfe7 37. Bxd6 Bxe4 38. Bxe7 Bxc2 39. Bxa8 Bxd1 40. Bc6 Bg3 41.
Rxd1 Rxe7 42. Bxb5 Rb7 43. c4 Be5 44. Rd2 Kf7 45. Kg2 Ke6 46. Kf3 Rb6 47. Ke4
Rd6 48. Rc2 Rb6 49. Rd2 Rd6 50. Rc2 Rb6 51. Bxa4 Bxb2 52. c5 Rb8 53. Bc6 Bxa3
54. Bd5+ Ke7 55. Kd4 Bb2+ 56. Kc4 Be5 57. Ra2 Bc7 58. Re2+ Be5 59. Ra2 Bc7 60.
Ra6 Rb1 61. Be4 Rb8 62. Kd5 g6 63. Kc6 Rc8 64. Kb7 Kd7 65. Rxf6 Rb8+ 66. Ka6 Ke7
67. Rc6 Be5 68. Rb6 Rc8 69. Kb5 Rc7 70. Bd5 Bd4 71. Re6+ Kd7 72. c6+ Kd8 73. Be4
Bf2 74. Kc4 Re7 75. Kd5 Bg3 76. Rf6 Kc7 77. Rf3 Bd6 78. Rb3 Re5+ 79. Kd4 Kd8 80.
Rb7 Re7 81. Kd5 Bc7 82. Ra7 Re5+ 83. Kd4 Bb6+ 84. Kxe5 Bxa7 85. Kd6 Bb8+ 86. Ke6
Ba7 87. Kf7 Kc7 88. Kg7 g5 89. Kxh7 Bf2 90. Kg6 Bh4 91. Kf6 Kd6 92. Kf5 Kc7 93.
Ke6 Bg3 94. h4 Bxh4 95. Kf6 Kd6 96. Bg2 1/2-1/2

[Event "53rd Groningen Open 2015"]
[Site "Groningen NED"]
[Date "2015.12.27"]
[Round "6.35"]
[White "Halfhide, Sebastian"]
[Black "Willemsma, Abe"]
[Result "1/2-1/2"]
[WhiteElo "2119"]
[BlackElo "2067"]
[WhiteFideId "1045946"]
[BlackFideId "1011561"]
[EventDate "2015.12.21"]

1. e4 e6 2. d4 d5 3. Nd2 Nf6 4. e5 Nfd7 5. Bd3 c5 6. c3 Nc6 7. Ne2 cxd4 8. cxd4
f6 9. exf6 Nxf6 10. O-O Bd6 11. Nf3 O-O 12. Bf4 Nh5 13. Bxd6 Qxd6 14. Qd2 Bd7
15. Qe3 Rae8 16. Ne5 Nf6 17. a3 Re7 18. Rac1 Be8 19. Bb1 Nd7 20. f4 Ncxe5 21.
dxe5 Qb6 22. Qxb6 Nxb6 23. Nd4 Nc4 24. Rf2 a6 25. Bd3 Na5 26. g3 Ba4 27. b4 Nb3
28. Nxb3 Bxb3 29. b5 axb5 30. Bxb5 Ra8 31. a4 Ra5 32. f5 exf5 33. Rxf5 g6 34.
Rf4 Bc4 35. Bxc4 dxc4 36. Rcxc4 Raxe5 37. Rf2 Kg7 38. Kg2 Re4 39. Rfc2 R4e5 40.
Rb4 Rd5 41. Rcb2 Rdd7 42. Rb6 Kf7 1/2-1/2

[Event "53rd Groningen Open 2015"]
[Site "Groningen NED"]
[Date "2015.12.28"]
[Round "7.1"]
[White "De Jong, Migchiel"]
[Black "Van Foreest, Jorden"]
[Result "0-1"]
[WhiteTitle "IM"]
[BlackTitle "IM"]
[WhiteElo "2336"]
[BlackElo "2547"]
[WhiteFideId "1002848"]
[BlackFideId "1039784"]
[EventDate "2015.12.21"]

1. e4 c5 2. Nf3 d6 3. Bb5+ Bd7 4. c4 Bxb5 5. cxb5 Nf6 6. Nc3 g6 7. d4 cxd4 8.
Nxd4 Bg7 9. O-O O-O 10. Qe2 Nbd7 11. Rd1 Rc8 12. a4 Qa5 13. Bd2 Qb4 14. Be1 Qc4
15. Nc6 Qe6 16. Nxa7 Ra8 17. b6 Nxb6 18. Nab5 Rfc8 19. a5 Nbd7 20. Rac1 Bh6 21.
Rc2 Qc4 22. Na3 Qb3 23. f3 Rxa5 24. Nd5 Rxc2 25. Nxc2 Ra2 26. Nd4 Qxb2 27. Qxb2
Rxb2 28. Bc3 Ra2 29. Nxe7+ Kf8 30. Nc8 d5 31. Nb5 dxe4 32. fxe4 Be3+ 33. Kf1
Rf2+ 34. Ke1 Rxg2 35. Rd6 Rc2 36. e5 Ne4 37. Rxd7 Nxc3 38. Nxc3 Rxc3 39. Nd6 Bd4
40. Nxf7 b5 41. Kd2 Rh3 42. e6 Bc3+ 43. Kc2 b4 44. Nd6 b3+ 45. Kxb3 Be5+ 46. Kc4
Bxd6 47. Rxd6 Ke7 48. Ra6 Rxh2 49. Kd5 Kf6 50. Ra7 Rd2+ 51. Ke4 h5 52. Ra6 Re2+ 0-1